000 00230nam a2200097Ia 4500
001 644925
005 20250826153614.0
008 250824s9999 xx 000 0 und d
245 0 _aSekiz Numaralı Vurucu
_cHakan Yel
260 _bALTIN
999 _c644925
_d644925